000
00362nam a2200133Ia 4500
008
231129s2015||||xx |||||||||||||| ||spa||
020
_a
978-958-46-7260-5
082
_a
770 M828a
100
_a
Morales Luis
245
0
_a
Aquí y ahora
260
_c
2015
264
_a
Bogotá: Embajada de Suiza en Colombia
942
_2
ddc
_c
BKS
999
_c
5528
_d
5528